• 首页
  • 本馆介绍
  • 公告通知
  • 最新文献
  • 馆藏检索
  • 电子资源
  • 读者导购
  • 参考咨询
  • 我的图书馆
  • 登录
  • 详细信息显示
  • 放入我的书架
  • 预约/预借图书
  • 作者相关作品
  • 分类相关作品
  • 丛书相关作品
  • 出版社相关作品

书目信息

  • 表格格式
  • 工作单格式
  • 卡片格式
题名:
做独立思考的教师
    
 
作者: 夏昆 著
分册:  
出版信息: 长沙   湖南人民出版社  2022
页数: 212页
开本: 21cm
丛书名:
单 册:
中图分类: G633.302-53 , G633.3
科图分类:
主题词: 中学语文课--教学研究--文集
电子资源:
ISBN: 978-7-5561-2888-4
000 01148nam0 2200241 450
001 2259193201
005 20220918162649.59
010    @a978-7-5561-2888-4@dCNY52.00
100    @a20220513d2022 em y0chiy50 ea
101 0  @achi
102    @aCN@b430000
105    @ay z 000yy
200 1  @a做独立思考的教师@9zuo du li si kao de jiao shi@dBe a teacher who thinks independently@f夏昆著@zeng
210    @a长沙@c湖南人民出版社@d2022
215    @a212页@d21cm
330    @a本书是一位中学语文教师的教育随笔,字里行间无处不在的睿智与幽默,深刻地展现着夏昆老师独特的教育理念和眼光。书中夏昆老师对自己遭遇的各种教育教学问题进行了思考和总结,这些问题可能所有老师,尤其是语文教师同样经历过。阅读这本书,你会看到自己过去的疏漏、现在的困惑以及未来的成长。全书从四个部分:“换一种风格教书”“换一种心态育人”“换一种思维探索”“换一种方式讲课”来表现夏昆老师这位“有良知的学者的正义直言”,启迪智慧,引人深思。
510 1  @aBe a teacher who thinks independently@zeng
606 0  @a中学语文课@x教学研究@j文集
690    @aG633.302-53@v5
690    @aG633.3@v4
701  0 @a夏昆@9xia kun@4著
801  0 @aCN@b91MARC@c20220525
905    @aZUCC@dG633.3@e303
    
    做独立思考的教师=Be a teacher who thinks independently/夏昆著.-长沙:湖南人民出版社,2022
    212页;21cm
    
    
    ISBN 978-7-5561-2888-4:CNY52.00
    本书是一位中学语文教师的教育随笔,字里行间无处不在的睿智与幽默,深刻地展现着夏昆老师独特的教育理念和眼光。书中夏昆老师对自己遭遇的各种教育教学问题进行了思考和总结,这些问题可能所有老师,尤其是语文教师同样经历过。阅读这本书,你会看到自己过去的疏漏、现在的困惑以及未来的成长。全书从四个部分:“换一种风格教书”“换一种心态育人”“换一种思维探索”“换一种方式讲课”来表现夏昆老师这位“有良知的学者的正义直言”,启迪智慧,引人深思。
●
相关链接 在五车中查询图书 在当当中查询图书 在豆瓣中查询图书


正题名:做独立思考的教师     索取号:G633.3/303         预约/预借

序号 登录号 条形码 馆藏地/架位号 状态 备注
1 2000898454   2000898454   第三书库/ [索取号:G633.3/303] 在馆    
2 2000898455   2000898455   第三书库/ [索取号:G633.3/303] 在馆    
3 2000898456   2000898456   第三书库/ [索取号:G633.3/303] 在馆    
山东省滨州职业学院图书馆 欢迎您!
大连网信软件有限公司© 版权所有